Geto Boys Discography - Statistics

General Stats
  • This quiz has been taken 4 times
  • The average score is 8 of 11
Answer Stats
Year Name Type % Correct
1989 Grip It! On That Other Level Album
100%
1988 Making Trouble Album
100%
1990 The Geto Boys Remix Album
100%
1991 We Can't Be Stopped Album
100%
1996 The Resurrection Album
75%
1993 Til Death Do Us Part Album
75%
1992 Uncut Dope: Geto Boys' Best Compilation
75%
2008 Best of the Geto Boys Compilation
50%
1998 Da Good da Bad & da Ugly Album
50%
2002 Greatest Hits Compilation
50%
2005 The Foundation Album
50%
No matching quizzes found
Score Distribution
Percent of People with Each Score
Percentile by Number Answered
Your Score History
You have not taken this quiz